Names That Are Places - Statistics

General Stats
  • This quiz has been taken 896 times
    316 since last reset
  • The average score is 34 of 84
Answer Stats
Peak year Peak rank Hint Answer % Correct
2020 176 Country or state Georgia
82%
2000 23 Texas Austin
80%
2004 157 France Paris
79%
2012 536 Massachusetts Boston
78%
2020 527 Colorado Denver
76%
2020 762 Italy Florence
75%
2019 70 Chile Santiago
75%
2000 220 Continent Asia
74%
2002 23 Australia Sydney
74%
2006 355 Florida Orlando
73%
2000 366 USA Virginia
72%
2015 255 Texas Dallas
71%
2019 686 Texas Houston
71%
2001 299 Asia India
71%
2020 970 Italy Rome
71%
2019 755 Austria Vienna
71%
2020 42 Canada Hudson
70%
2000 508 Africa Kenya
70%
2000 236 Africa Chad
69%
2020 130 Garden Eden
69%
2000 36 Asia Jordan
68%
2002 411 Continent America
67%
2013 16 Mississippi Jackson
67%
2013 85 UK London
67%
2016 255 Australia Adelaide
66%
2014 413 Italy Milan
66%
2020 238 City or constellation Phoenix
66%
2014 12 Bulgaria Sofia
66%
2000 592 USA Montana
61%
2020 4 North Carolina Charlotte
59%
2009 819 Europe Ireland
59%
2019 910 Africa Egypt
57%
2002 2 Wisconsin Madison
56%
2020 711 Netherlands Holland
55%
2020 40 Nebraska Lincoln
55%
2019 431 Tennessee Memphis
54%
2017 19 Canada Victoria
54%
2006 202 Asia Israel
53%
2011 21 New York* Brooklyn
49%
2020 522 Africa* Zaire
47%
2018 300 Equator Orion
46%
2000 774 UK Kent
45%
2007 30 Georgia Savannah
41%
2000 504 Oregon Eugene
40%
2020 14 Earth Luna
40%
2014 397 Asia Malaysia
40%
2008 486 Ohio Dayton
38%
2020 36 North Leo
36%
2018 407 Canada Regina
33%
2000 61 France Brittany
32%
2019 390 UK Bristol
31%
2001 222 Japan Kobe
30%
2014 379 USA* McKinley
29%
2017 620 Saturn Titan
29%
2018 4 Canada James
28%
2020 890 North Aries
25%
2001 91 Many countries Alexandria
22%
2000 133 UK Devon
22%
2000 829 Russia Don
22%
2004 254 USA Carolina
19%
2006 190 USA Dakota
19%
2017 5 Canada Logan
19%
2001 40 Canada Mackenzie
17%
2016 923 Palestine Jericho
16%
2000 654 Venezuela Margarita
7%
2000 112 Uranus Miranda
7%
2020 628 Saturn Rhea
7%
2014 133 Uranus Ariel
6%
2018 373 Uranus Ophelia
6%
2020 189 Saturn Atlas
5%
2014 808 USA Dixie
5%
2017 227 Uranus Juliet
5%
2020 256 Saturn Phoebe
5%
2020 552 North Lyra
3%
2007 631 Uranus Belinda
2%
2001 156 Uranus Bianca
2%
2015 948 Uranus Cordelia
2%
2008 504 Jupiter Kale
2%
2004 806 Colombia Magdalena
2%
2001 110 Uranus Margaret
2%
2000 567 South Carina
1%
2001 137 Uranus Francisco
1%
2004 448 Neptune Larissa
1%
2001 857 South Norma
1%
No matching quizzes found
Score Distribution
Percent of People with Each Score
Percentile by Number Answered
Your Score History
You have not taken this quiz since the last reset